000 00791nas a2200253 4500
001 BR9607739
003 BR-BrBNA
005 20231205094951.0
007 ta
008 230509b bl.|||p| |||| 00| 00por d
040 _aBR-BrBNA
_bpor
_cBiblioteca Nacional de Agricultura
041 _a(Pt)
072 _aL72
100 1 _aVerissimo, C.J.
100 1 _aOliveira, A.A.D. de
245 1 _aMetodo simplificado de contagem para avaliar a resistencia de bovinos ao carrapato Boophilus microoplus
650 _aBovino
650 _aCarrapato
650 _aPraga de Animal
650 _aResistencia
773 0 _tBoletim de Industria Animal (Brazil)
_xISSN 0067-9615
_g(Jul-Dec 1994), v. 51(2) p. 169-173
_wBR9607739
909 _a202311
_bLúcia
_c55
_dLúcia Elande
942 _2AGRIS
_n0
_cANA
999 _c147998
_d147998